Fr. Conceicao Rodrigues College of Engineering

Printing Ink Technology (Record no. 33036)

MARC details
000 -LEADER
fixed length control field 00325nam a2200157Ia 4500
082 ## - DEWEY DECIMAL CLASSIFICATION NUMBER
Classification number 667.5
Item number App
100 ## - MAIN ENTRY--PERSONAL NAME
Personal name Apps/E.A
245 ## - TITLE STATEMENT
Title Printing Ink Technology
260 ## - PUBLICATION, DISTRIBUTION, ETC.
Name of publisher, distributor, etc. Leonard Hill
Place of publication, distribution, etc. London
Date of publication, distribution, etc. 1958
300 ## - PHYSICAL DESCRIPTION
Extent 552
546 ## - LANGUAGE NOTE
Language note ENGLISH
650 ## - SUBJECT ADDED ENTRY--TOPICAL TERM
Topical term or geographic name entry element General
654 ## - SUBJECT ADDED ENTRY--FACETED TOPICAL TERMS
Focus term Printing Ink
942 ## - ADDED ENTRY ELEMENTS (KOHA)
Koha item type BOOK
Holdings
Withdrawn status Lost status Damaged status Not for loan Collection Home library Current library Shelving location Date acquired Total Checkouts Full call number Barcode Date last seen Price effective from Koha item type
        AFT Fr. Agnel's C.Rodrigues College of Engineering Fr. Agnel's C.Rodrigues College of Engineering   17/03/2023   667.5 App AFT5396 17/03/2023 17/03/2023 BOOK